| 000 | 00475nam a2200193 a 4500 | ||
|---|---|---|---|
| 001 | 11558 | ||
| 003 | CO-ViMGA | ||
| 008 | 141112s2004 ck r 000 u spa d | ||
| 020 | _a9580600759 | ||
| 040 |
_aCO-ViMGA _bspa _cCO-ViMGA |
||
| 082 | 0 | 4 | _aCo863.6 C14d2 |
| 100 | 1 | _aCaicedo, Andres | |
| 245 | 1 | 0 | _aDestinos fatales |
| 260 |
_aBogotá, _ceditorial Oveja Negra, _c1988 |
||
| 300 | _a326 p. | ||
| 490 | _aNarrativa | ||
| 650 | 1 | 4 | _aCUENTOS COLOMBIANOS |
| 942 |
_2ddc _cBK |
||
| 999 |
_c22753 _d22753 |
||